Повышение эксплуатационных возможностей обдирочных кругов путем использования шлифовальных зерен с контролируемой формой: автореферат диссертации на соискание ученой степени кандидата технических наук; спец. 05.03.01

Detaylı Bibliyografya
Yazar: Дубинкин Д. М. Дмитрий Михайлович
Müşterek Yazar: Кузбасский государственный технический университет (КузГТУ)
Diğer Yazarlar: Коротков А. Н. Александр Николаевич (научный руководитель)
Özet:Защита сост. 8.04.2009 г.
Dil:Rusça
Baskı/Yayın Bilgisi: Томск, [Б. и.], 2009
Konular:
Materyal Türü: Kitap
KOHA link:https://koha.lib.tpu.ru/cgi-bin/koha/opac-detail.pl?biblionumber=159335

MARC

LEADER 00000nam0a2200000 4500
001 159335
005 20231101222113.0
035 |a (RuTPU)RU\TPU\book\172823 
035 |a RU\TPU\book\172824 
090 |a 159335 
100 |a 20090508d2009 k y0rusy50 ca 
101 0 |a rus 
102 |a RU 
105 |a a dm 001zy 
200 1 |a Повышение эксплуатационных возможностей обдирочных кругов путем использования шлифовальных зерен с контролируемой формой  |e автореферат диссертации на соискание ученой степени кандидата технических наук  |e спец. 05.03.01  |f Д. М. Дубинкин  |g Кузбасский государственный технический университет (КузГТУ) ; науч. рук. А. Н. Коротков 
210 |a Томск  |c [Б. и.]  |d 2009 
215 |a 17 с.  |c ил. 
300 |a Защита сост. 8.04.2009 г. 
320 |a Библиогр.: с. 16-17 (18 назв.). 
606 1 |a Шлифовальные круги  |x Износоустойчивость  |2 stltpush  |3 (RuTPU)RU\TPU\subj\19279  |9 44541 
610 1 |a обдирочное шлифование 
610 1 |a материалы 
610 1 |a обрабатываемость 
610 1 |a обдирочные круги 
610 1 |a конструкции 
610 1 |a внутреннее строение 
610 1 |a эксплуатационные характеристики 
610 1 |a шлифовальные зерна 
610 1 |a форма 
610 1 |a изготовление 
610 1 |a технологические процессы 
610 1 |a сварные соединения 
610 1 |a производственные испытания 
610 1 |a внедрение 
610 1 |a авторефераты диссертаций 
675 |a 621.922.025(04)  |v 3 
686 |a 05.03.01  |2 oksvnk 
700 1 |a Дубинкин  |b Д. М.  |g Дмитрий Михайлович 
702 1 |a Коротков  |b А. Н.  |g Александр Николаевич  |4 727 
712 0 2 |a Кузбасский государственный технический университет (КузГТУ)  |c (Кемерово)  |2 stltpush  |3 (RuTPU)RU\TPU\col\89 
801 1 |a RU  |b 63413507  |c 20090508  |g PSBO 
801 2 |a RU  |b 63413507  |c 20090518  |g PSBO 
942 |c BK